| 000 | 00455nam a22001697a 4500 | ||
|---|---|---|---|
| 003 | OSt | ||
| 005 | 20211127114448.0 | ||
| 008 | 211127b |||||||| |||| 00| 0 eng d | ||
| 020 | _a0194375145 | ||
| 040 | _cHU | ||
| 082 | _a428.2402463 | ||
| 100 |
_aMountford, Alan _99233 |
||
| 245 | _aEnglish in agriculture | ||
| 260 |
_aNew York : _b Oxford University Press, _c1977 |
||
| 300 |
_aviii, 113 pages : illustrations _bPC _c24 cm |
||
| 942 |
_2ddc _cBOOKS _n0 |
||
| 999 |
_c20445 _d20445 |
||